Germany : Financial Sector Assessment Program Technical Note-Macroprudential Policy Framework And Tools.

Germany's macroprudential policy framework and toolkit are well developed. The FSAP found the institutional arrangements for macroprudential policy to be mostly sound and operating well. Capacity and expertise in risk monitoring is good, thanks to the analytical power and data access of the cen...

Disgrifiad llawn

Manylion Llyfryddiaeth
Awdur Corfforaethol: International Monetary Fund. Monetary and Capital Markets Department
Fformat: Cylchgrawn
Iaith:English
Cyhoeddwyd: Washington, D.C. : International Monetary Fund, 2022.
Cyfres:IMF Staff Country Reports; Country Report ; No. 2022/263
Pynciau:
Mynediad Ar-lein:Full text available on IMF
LEADER 02088cas a2200289 a 4500
001 AALejournalIMF023039
008 230101c9999 xx r poo 0 0eng d
020 |c 20.00 USD 
020 |z 9798400217395 
022 |a 1934-7685 
040 |a BD-DhAAL  |c BD-DhAAL 
110 2 |a International Monetary Fund.  |b Monetary and Capital Markets Department. 
245 1 0 |a Germany :   |b Financial Sector Assessment Program Technical Note-Macroprudential Policy Framework And Tools. 
264 1 |a Washington, D.C. :  |b International Monetary Fund,  |c 2022. 
300 |a 1 online resource (49 pages) 
490 1 |a IMF Staff Country Reports 
500 |a <strong>Off-Campus Access:</strong> No User ID or Password Required 
500 |a <strong>On-Campus Access:</strong> No User ID or Password Required 
506 |a Electronic access restricted to authorized BRAC University faculty, staff and students 
520 3 |a Germany's macroprudential policy framework and toolkit are well developed. The FSAP found the institutional arrangements for macroprudential policy to be mostly sound and operating well. Capacity and expertise in risk monitoring is good, thanks to the analytical power and data access of the central bank, and close coordination between the macro- and microprudential arms of the financial supervisory authorities. Germany's macroprudential toolkit continues to develop. The principal outstanding task is to add powers to set caps on debt-to-income and debt service-to-income ratios on residential real estate loans to the already-established powers over loan-to-value ratios and amortization rates. These additions will place Germany's toolkit on a par with its peers. 
538 |a Mode of access: Internet 
650 7 |a International Agreements and Observance  |2 imf 
650 7 |a International Organizations  |2 imf 
650 7 |a Monetary Policy  |2 imf 
651 7 |a Germany  |2 imf 
830 0 |a IMF Staff Country Reports; Country Report ;  |v No. 2022/263 
856 4 0 |z Full text available on IMF  |u https://elibrary.imf.org/openurl?genre=journal&issn=1934-7685&volume=2022&issue=263  |z IMF e-Library